000 00265nam a22001217a 4500
008 181105b xxu||||| |||| 00| 0 eng d
041 _aeng
080 _a710
100 _a45
101 _aART
245 _aAncestors Of The Incas
_cFrederico.K
942 _2udc
_cBK
999 _c51887
_d51887